දිවි මග සරසන උපදේශාත්මක ජන කවි /
Divi maga sarasana upadeshathmaka jana kavi
Saved in:
| Main Author: | |
|---|---|
| Format: | Book |
| Published: |
කොළඹ :
ඇස්. ගොඩගේ,
2025.
|
| Subjects: | |
| Tags: |
Add Tag
No Tags, Be the first to tag this record!
|
MARC
| LEADER | 00000nam a2200000 4500 | ||
|---|---|---|---|
| 003 | LK-CoNLD | ||
| 005 | 20260410124103.0 | ||
| 008 | 260310b |||||||| |||| 00| 0 ||| d | ||
| 015 | |2 slnb |a slnb202601 | ||
| 017 | |a 506451 |b LK-CoDNA | ||
| 020 | |a 9786240031059 | ||
| 040 | |a LK-CoNLD |b SIN |c LK-CoNLD |d LK-CoNLD | ||
| 082 | |2 23 |q LK-CoNLD |a 398.2095493 | ||
| 100 | |a මාදුවගේ, සිරිපාල |9 1184 | ||
| 245 | |a දිවි මග සරසන උපදේශාත්මක ජන කවි / |c සිරිපාල මාදුවගේ. | ||
| 260 | |a කොළඹ : |b ඇස්. ගොඩගේ, |c 2025. | ||
| 300 | |a පි. 92 ; |b මැබැ-බෝක : රු. 500.00 |c සෙමී. 21. | ||
| 650 | 0 | |a ජනකවි, සිංහල |9 3444 | |
| 650 | 0 | |a ජන සාහිත්යය - ශ්රී ලංකාව |9 17100 | |
| 650 | 0 | |a ජනශ්රැති පද්ය, සිංහල |9 3443 | |
| 650 | 0 | |a Folk literature - Sri Lanka |9 7930 | |
| 650 | 0 | |a Folklore - literature - Sri Lanka |9 33744 | |
| 650 | 0 | |a Folk poetry, Sinhalese |9 3445 | |
| 880 | |6 245-1 |a Divi maga sarasana upadeshathmaka jana kavi | ||
| 942 | |c BOOK | ||
| 945 | |a 18246 |b Chamari MUTHUMALI |c 13 |d Ruwanthi NILMINI | ||
| 999 | |c 297905 |d 297905 | ||